000
00298nam a22001337a 4500
003
ASAB
005
20180827062642.0
008
160620t xxu||||| |||| 00| 0 eng d
020
_a
978-969-562-349-7
040
_c
ASAB
245
_a
Nawadrat-e-Allama Iqbal
300
_a
336 p.
942
_2
ddc
_c
BK
999
_c
480132
_d
480132